00480nam a2200133Ia 4500008004100000100001700041245003200058260006900090300001100159650001600170856006800186999001900254952007300273160712s9999 xx 000 0 und d aAbola, Exie. cExie AbolaaPhallic Symbols c2015bLikhaan: The Journal of Contemporary Philippine Literature avol. 9 xSHORT STORY uhttp://journals.upd.edu.ph/index.php/lik/issue/view/539/showToc c297110d297110 001040aCLbCLd2016-07-12l0r2016-07-12 00:00:00w2016-07-12yFEJ